VITA IN CRISTO E NELLA CHIESA (LA), ANNO 37-N.10 (1988) (Record n. 163040)

Dettagli MARC
000 -LEADER
fixed length control field 01074nas a2200253Ia 4500
001 - CONTROL NUMBER
control field R950/97474
003 - CONTROL NUMBER IDENTIFIER
control field IT-RoPAU
008 - FIXED-LENGTH DATA ELEMENTS--GENERAL INFORMATION
fixed length control field 151124c99999999xx |||||||||||| ||und||
040 ## - CATALOGING SOURCE
Original cataloging agency IT-RoPAU
040 ## - CATALOGING SOURCE
Transcribing agency IT-RoPAU
041 ## - LANGUAGE CODE
Language code of text/sound track or separate title ITALIANO
100 ## - MAIN ENTRY--PERSONAL NAME
Personal name Venturi Gianfranco
Miscellaneous information Codice Aut. SPICS: 23189
210 ## - ABBREVIATED TITLE
Abbreviated title VITA IN CRISTO E NELLA CHIESA (LA)
222 ## - KEY TITLE
Key title Vita In Cristo E Nella Chiesa (La)
245 ## - TITLE STATEMENT
Title VITA IN CRISTO E NELLA CHIESA (LA), ANNO 37-N.10 (1988)
Remainder of title Sposarsi In Chiesa?
250 ## - EDITION STATEMENT
Edition statement 1a ed.
260 ## - PUBLICATION, DISTRIBUTION, ETC. (IMPRINT)
Place of publication, distribution, etc. ROMA
Name of publisher, distributor, etc. PIE DISCEPOLE DEL DIVIN MAESTRO
Date of publication, distribution, etc. 1988
300 ## - PHYSICAL DESCRIPTION
Extent 8 p. [15-22]
362 ## - DATES OF PUBLICATION AND/OR SEQUENTIAL DESIGNATION
Dates of publication and/or sequential designation ANNO 037, N.10 (1988)
501 ## - WITH NOTE
-- Paulus - SPICS - Società San Paolo EM (non-commercial uses only)
-- Copyright2015
500 ## - GENERAL NOTE
General note Matrimonio Cristiano. Celebrazione dell'Amore Nuziale. Celebrazione della Nuova Alleanza Segno dell'Amore tra Cristo e la Chiesa. Rito Cristiano Delle Nozze. Celebrazione Ecclesiale. Celebrazione Festiva. Celebrazione Eucaristica. Celebrazione Profetica.
650 ## - SUBJECT ADDED ENTRY--TOPICAL TERM
Topical term or geographic name as entry element LITURGIA
Form subdivision PUBBLICAZIONE PERIODICA
942 ## - ADDED ENTRY ELEMENTS (KOHA)
Koha item type RIVISTA
Dati di copia
Withdrawn status Lost status Damaged status Not for loan Home library Current library Date acquired Total Checkouts Full call number Date last seen Price effective from Koha item type Public note
    Buone Condizioni Not For Loan SPICS-MEDIATECA SPICS-MEDIATECA 25/11/2015   R950/97474 25/11/2015 25/11/2015 RIVISTA Progr. Ins: 98094 / Copia rara: NO / date import: 25.11.2015 / By Epidotti, Trombetti, Vaglietti
CREDITS: SOCIETA' SAN PAOLO Via A.Severo, 58 - ROMA (RM) & PERIODICI SAN PAOLO SRL Via Giotto, 36 MILANO & CISF Via Giotto, 36 MILANO & EDIZIONI SAN PAOLO SRL,  Piazza Soncino, 5 CINISELLO BALSAMO (MI) -- ITALY